| 000 | 00561nam a2200181Ia 4500 | ||
|---|---|---|---|
| 003 | GCL | ||
| 008 | 140319s9999 xx 000 0 ara d | ||
| 040 |
_aGCL / _cGCL |
||
| 082 | 0 | 4 |
_a347 _bم م |
| 100 | 1 | _aمعوض عبدالتواب | |
| 245 | 1 | 0 |
_aالمستحدث فى القضاء الضريبى / _cمعوض عبدالتواب |
| 260 |
_a[S.N] : _bمكتبه النهضه المصريه ، _c1990 |
||
| 300 | _a348 ص | ||
| 490 |
_aكتب قانونية _v0 |
||
| 650 | 0 | 4 | _aالقانون الجنائى |
| 650 | 0 | 4 | _aالقانون |
| 942 |
_2ddc _cBK |
||
| 999 |
_c46618 _d46618 |
||